All of us : (Record no. 412063)
[ view plain ]
| 000 -LEADER | |
|---|---|
| fixed length control field | 02376nam a2200409 i 4500 |
| 001 - CONTROL NUMBER | |
| control field | 1524239433 |
| 005 - DATE AND TIME OF LATEST TRANSACTION | |
| control field | 20251001172716.0 |
| 007 - PHYSICAL DESCRIPTION FIXED FIELD--GENERAL INFORMATION | |
| fixed length control field | t| |
| 008 - FIXED-LENGTH DATA ELEMENTS--GENERAL INFORMATION | |
| fixed length control field | 250514s2025 nyua b 000 0 eng d |
| 020 ## - INTERNATIONAL STANDARD BOOK NUMBER | |
| International Standard Book Number | 9780593891483 |
| Qualifying information | hardback |
| 035 ## - SYSTEM CONTROL NUMBER | |
| System control number | (OCoLC)1524239433 |
| 040 ## - CATALOGING SOURCE | |
| Original cataloging agency | TnLvILS |
| Language of cataloging | eng |
| Description conventions | rda |
| Transcribing agency | TnLvILS |
| 092 ## - LOCALLY ASSIGNED DEWEY CALL NUMBER (OCLC) | |
| Classification number | children nonfiction |
| Item number | Madison |
| 100 1# - MAIN ENTRY--PERSONAL NAME | |
| Personal name | Madison, Megan, |
| Relator term | author. |
| Relator code | aut. |
| 9 (RLIN) | 6429855 |
| 245 10 - TITLE STATEMENT | |
| Title | All of us : |
| Remainder of title | a first conversation about disability / |
| Statement of responsibility, etc | words by Dr. Megan Pamela Ruth Madison with help from Jessica Ralli ; art by Jonathan Eden. |
| 264 #1 - Production, Publication, Distribution, Manufacture, and Copyright Notice. | |
| Place of production, publication, distribution, manufacture | New York : |
| Name of producer, publisher, distributor, manufacturer | Rise, |
| Date of production, publication, distribution, manufacture, or copyr | [2025] |
| 300 ## - PHYSICAL DESCRIPTION | |
| Extent | 1 volume (unpaged) : |
| Other physical details | color illustrations ; |
| Dimensions | 26 cm. |
| 336 ## - Content Type | |
| Content type term | text |
| 336 ## - Content Type | |
| Content type term | still image |
| 337 ## - Media type | |
| Media type term | unmediated |
| 338 ## - Carrier type | |
| Carrier type term | volume |
| 490 1# - SERIES STATEMENT | |
| Series statement | First conversations. |
| 520 ## - SUMMARY, ETC. | |
| Summary, etc | "Developed by experts in the fields of early childhood and activism, this topic-driven picture book offers ... concrete language and ... imagery to introduce the concept of disability. [It] celebrates all bodies and abilities, just as they are, and addresses the inequities and opportunities for change in today's world. While young children are avid observers and questioners of their world, adults often shut down or postpone conversations on complicated topics because it's hard to know where to begin. Research shows that talking about tough issues from the age of two not only helps children understand what they see, but also increases self-awareness [and] self-esteem and allows them to recognize and confront things that are unfair, like discrimination and prejudice"-- |
| 650 #0 - SUBJECT ADDED ENTRY--TOPICAL TERM | |
| Topical term or geographic name as entry element | People with disabiliities |
| General subdivision | Social conditions |
| Form subdivision | Juvenile literature. |
| 9 (RLIN) | 6553047 |
| 650 #0 - SUBJECT ADDED ENTRY--TOPICAL TERM | |
| Topical term or geographic name as entry element | Disabilities |
| Form subdivision | Juvenile literature. |
| 9 (RLIN) | 6428241 |
| 650 #0 - SUBJECT ADDED ENTRY--TOPICAL TERM | |
| Topical term or geographic name as entry element | Disability awareness |
| Form subdivision | Juvenile literature. |
| 9 (RLIN) | 6553048 |
| 650 #0 - SUBJECT ADDED ENTRY--TOPICAL TERM | |
| Topical term or geographic name as entry element | Discrimination against people with disabilities |
| Form subdivision | Juvenile literature. |
| 9 (RLIN) | 6482081 |
| 650 #1 - SUBJECT ADDED ENTRY--TOPICAL TERM | |
| Topical term or geographic name as entry element | People with disabiliities |
| General subdivision | Social conditions. |
| 9 (RLIN) | 6553049 |
| 650 #1 - SUBJECT ADDED ENTRY--TOPICAL TERM | |
| Topical term or geographic name as entry element | Disabilities. |
| 650 #1 - SUBJECT ADDED ENTRY--TOPICAL TERM | |
| Topical term or geographic name as entry element | Discrimination. |
| 650 #1 - SUBJECT ADDED ENTRY--TOPICAL TERM | |
| Topical term or geographic name as entry element | Picture books. |
| 655 #7 - INDEX TERM--GENRE/FORM | |
| Genre/form data or focus term | Picture books. |
| Source of term | lcgft. |
| 700 1# - ADDED ENTRY--PERSONAL NAME | |
| Personal name | Ralli, Jessica, |
| Relator term | author. |
| 9 (RLIN) | 6429859 |
| 700 1# - ADDED ENTRY--PERSONAL NAME | |
| Personal name | Eden, Jonathan, |
| Relator term | illustrator. |
| 9 (RLIN) | 6553050 |
| 800 1# - SERIES ADDED ENTRY--PERSONAL NAME | |
| Personal name | Madison, Megan. |
| Title of a work | First conversations. |
| 9 (RLIN) | 6444662 |
| 942 ## - ADDED ENTRY ELEMENTS (KOHA) | |
| Source of classification or shelving scheme | Dewey Decimal Classification |
| Koha item type | BOOK |
| Withdrawn status | Lost status | Source of classification or shelving scheme | Damaged status | Not for loan | Collection code | Home library | Current library | Shelving location | Date acquired | Source of acquisition | Total Checkouts | Total Renewals | Full call number | Barcode | Date last seen | Date checked out | Cost, replacement price | Price effective from | Koha item type |
|---|---|---|---|---|---|---|---|---|---|---|---|---|---|---|---|---|---|---|---|
| Dewey Decimal Classification | Children NonFiction | Wasatch County Library | Wasatch County Library | Main Floor Childrens Area | 10/01/2025 | Ingram | 2 | 2 | E Special Needs Madison | 34301002168963 | 12/02/2025 | 11/22/2025 | 15.99 | 10/01/2025 | BOOK |
